000 02197cam a22003375a 4500
999 _c19278
_d19250
001 18020966
003 EG-ScBUE
005 20201128021237.0
008 140128s2014 sz f b 001 0 eng d
020 _a9783319042855
040 _aDLC
_beng
_erda
_cDLC
_dDLC
_dEG-ScBUE
082 0 4 _a808.066378
_bEVA
_222
100 1 _aEvans, D. G.
_q(David G.)
_eauthor.
_937839
245 1 0 _aHow to write a better thesis /
_cDavid Evans, Paul Gruba, Justin Zobel.
250 _aThird edition.
264 1 _aCham, Switzerland :
_bSpringer,
_c2014.
300 _axiv, 167 pages ;
_c24 cm
336 _2rdacontent
_atext
_btxt
337 _2rdamedia
_aunmediated
_bn
338 _2rdacarrier
_avolume
_bnc
504 _aIncludes bibliographical references and index.
520 _aFrom proposal to examination, producing a dissertation or thesis is a challenge. Grounded in decades of experience with research training and supervision, this fully updated and revised editiontakes an integrated, down-to-earth approach drawingon case studies and examples to guide you step-by-step towards productive success. Early chapters frame the tasks ahead and show you how to get started. From there, practical advice and illustrations take you through the elements of formulating research questions, working with software, and purposeful writing of each of the different kinds of chapters, and finishes with a focus on revision, dissemination and deadlines. How to Write a Better Thesis presents a cohesive approach to research that will help youachieve your goals. David Evans was Reader and Associate Professor in the Faculty of Architecture Building and Planning, University of Melbourne. Paul Gruba is Senior Lecturer in the School of Languages and Linguistics, University of Melbourne. Justin Zobel is Professor in the Department of Computing and Information Systems, University of Melbourne.
650 7 _aDissertations, Academic
_xAuthorship.
_2BUEsh
_91124
650 7 _aReport writing.
_2BUEsh
_91126
651 _2BUEsh
653 _bNNUR
_bGGEN
_cMay2015
655 _vReading book
_934232
700 1 _aGruba, Paul,
_eauthor.
_937840
700 1 _aZobel, Justin,
_d1963-
_eauthor.
_937841
942 _2ddc
_cBB